<?xml version="1.0" encoding="UTF-8"?>
<record
    xmlns:xsi="http://www.w3.org/2001/XMLSchema-instance"
    xsi:schemaLocation="http://www.loc.gov/MARC21/slim http://www.loc.gov/standards/marcxml/schema/MARC21slim.xsd"
    xmlns="http://www.loc.gov/MARC21/slim">

  <leader>00472nam a2200145Ia 4500</leader>
  <controlfield tag="005">20240821151820.0</controlfield>
  <controlfield tag="008">240821s9999||||xx |||||||||||||| ||und||</controlfield>
  <datafield tag="082" ind1=" " ind2=" ">
    <subfield code="a">370 &#x251C;&#x2553; &#xE5;&#x2553;&#x3B5; &#x2561;&#x2553;</subfield>
  </datafield>
  <datafield tag="100" ind1=" " ind2=" ">
    <subfield code="a">&#x251C;&#x2553;&#x3B5;&#x2561;&#x2553;&#xF1;&#x3B5;&#x207F;&#xA1;&#x2553;, &#xEC;&#x3A9;&#xB7;. &#xF2;&#x2553;&#x2580;.</subfield>
  </datafield>
  <datafield tag="245" ind1=" " ind2="0">
    <subfield code="a">&#x256B;&#x2510;&#x2553;&#xFC;&#x2553;&#x2553;-&#x2510;&#x2553;&#x2553;&#x251C;&#xED;&#x2553;</subfield>
  </datafield>
  <datafield tag="260" ind1=" " ind2=" ">
    <subfield code="a">&#xA1;&#x2553;&#xE7;&#x2558; &#x256B;&#xF1;&#x207F;&#x2557;&#x2557;&#x2553;&#x2580;</subfield>
    <subfield code="b">&#x2555;&#x207F;&#x2553;&#xF2;&#x2553;&#xEC;&#xB7;&#x2524;&#x2553;&#x2557;&#x2553; &#xBB;&#x2553;&#x2567;&#xEC;&#xB7;&#x2553;&#x2510;&#x2553;&#xA1;&#x2553;</subfield>
  </datafield>
  <datafield tag="300" ind1=" " ind2=" ">
    <subfield code="a">328&#xBB;&#x2553;&#x398;</subfield>
  </datafield>
  <datafield tag="650" ind1=" " ind2=" ">
    <subfield code="a">Education</subfield>
  </datafield>
  <datafield tag="942" ind1=" " ind2=" ">
    <subfield code="c">BK</subfield>
  </datafield>
  <datafield tag="999" ind1=" " ind2=" ">
    <subfield code="c">46398</subfield>
    <subfield code="d">46398</subfield>
  </datafield>
  <datafield tag="952" ind1=" " ind2=" ">
    <subfield code="0">0</subfield>
    <subfield code="1">0</subfield>
    <subfield code="4">0</subfield>
    <subfield code="7">0</subfield>
    <subfield code="a">LDD</subfield>
    <subfield code="b">LDD</subfield>
    <subfield code="d">2024-08-21</subfield>
    <subfield code="l">0</subfield>
    <subfield code="p">28117</subfield>
    <subfield code="r">2025-01-30 00:00:00</subfield>
    <subfield code="w">2024-08-21</subfield>
    <subfield code="y">BK</subfield>
  </datafield>
</record>
